Taylor Swift songs by letter - L - Statistics

General Stats
  • This quiz has been taken 38 times
  • The average score is 8 of 10
Answer Stats
Answer % Correct
Last Kiss
92%
Long Live
92%
Love Story
88%
Lover
84%
London Boy
76%
long story short
76%
Labyrinth
68%
Look What You Made Me Do
68%
Lavender Haze
64%
loml
60%
No matching quizzes found
Score Distribution
Percent of People with Each Score
Percentile by Number Answered
Your Score History
You have not taken this quiz